01263nam a2200241Ia 4500001000600000003000900006008004100015040001300056040001300069041001300082100002000095100002900115245003900144245003900183250001100222260001100233260001600244260004900260300005700309500060300366650002100969650003100990H8243IT-RoPAU130308s9999 xx 000 0 und d aIT-RoPAU cIT-RoPAU aITALIANO aKerbaker Andrea gCodice Aut. SPICS: 46183 aSettanta. Autobiografia di un film bSettanta. Autobiografia di un Film a1a ed. aMILANO bFrassinelli c2004 [1° Ed.:2004 - Ed.Ling.Originale:2004] a"112 p. (prefazione: no ; testo: 112 [pagine: 0-0])" aAndrea Kerbaker Racconta Qui le Avventure di un Film. E' Quasi una Fiaba Narrata in Prima Persona da un Capolavoro del muto che Ha Avuto L'Onore di passare Dalla pellicola Originaria in videocassetta e Infine in Dvd. Una bella carriera Soprattutto un itinerario che gli Ha Consentito di Conoscere Piu' o meno L'Intera Storia del Cinema Dai Primi Gloriosi Bianchi e neri senza Sonoro Alle Smaglianti produzioni della Hollywood degli Anni '50 Ai Sofisticati prodotti Ipertecnologici di Oggi. Un Affettuoso, sincero Omaggio a una Forma d'arte che forse Piu' di Altre Sa Rappresentare Il Nostro Tempo. aSAGGI SUL CINEMA eCodice materia Spics: 6811